000
00325nam a2200133Ia 4500
008
151001s9999||||xx |||||||||||||| ||und||
100
_a
सुधाकर शंकर देशपांडे
245
_a
बाहुले
250
_a
1
260
_b
जागर
260
_c
1981
300
_a
108
365
_b
22
999
_c
961706
_d
961703